[Event "8 Player Open 17"]
[Site "SchemingMind.com"]
[Date "2014.11.10"]
[Round "-"]
[White "smothered mate"]
[Black "frankly"]
[Result "0-1"]
[WhiteCountry "POL"]
[BlackCountry "ENG"]
[WhiteElo "1962"]
[WhiteRD "66"]
[BlackElo "2408"]
[BlackRD "65"]
[GameID "368448"]

1. e4 c5 2. c3 Nf6 3. e5 Nd5 4. g3 d6 5. exd6 Nc6 6. Bg2 Qxd6 7. Ne2 e5 8. d3 Bg4 9. h3 Be6 10. O-O Qd7
11. Kh2 O-O-O 12. Qc2 h5 13. Na3 h4 14. b4 hxg3+ 15. fxg3 Bxh3 16. Ng1 Bg4+
0-1

[Event "8 Player Open 17"]
[Site "SchemingMind.com"]
[Date "2014.11.10"]
[Round "-"]
[White "frankly"]
[Black "smothered mate"]
[Result "1-0"]
[WhiteCountry "ENG"]
[BlackCountry "POL"]
[WhiteElo "2408"]
[WhiteRD "65"]
[BlackElo "1962"]
[BlackRD "66"]
[GameID "368449"]

1. d4 d5 2. c4 e6 3. Nc3 c5 4. dxc5 d4 5. Na4 Bxc5 6. Nxc5 Qa5+ 7. Bd2 Qxc5 8. e3 Nc6 9. exd4 Qxd4 10. Bc3 Qxd1+
11. Rxd1 Nf6 12. f4 O-O 13. Bd3 b6 14. Nf3 Bb7 15. O-O Rfd8 16. f5 exf5 17. Bxf5 Ne8 18. Bb1 Nd6 19. Ng5 h6 20. Bh7+ Kh8
21. Rxd6 hxg5 22. Rxf7 Rxd6 23. Rxg7 Nd4 24. Rxb7 Rf8 25. Rxa7 Rff6 26. Bd3 Kg8 27. a4 Rf4 28. g3 Rf3 29. Bh7+ Kh8 30. Kg2 Re3
31. Kh3 b5 32. axb5 g4+ 33. Kxg4 Re5 34. b6 Rh6 35. b7 Rb6 36. Bxd4
1-0

[Event "8 Player Open 17"]
[Site "SchemingMind.com"]
[Date "2014.11.13"]
[Round "-"]
[White "smothered mate"]
[Black "khayman"]
[Result "0-1"]
[WhiteCountry "POL"]
[BlackCountry "ENG"]
[WhiteElo "1936"]
[WhiteRD "67"]
[BlackElo "2436"]
[BlackRD "84"]
[GameID "368653"]

1. e4 e5 2. Nf3 Nc6 3. Bb5 a6 4. Bxc6 dxc6 5. O-O Qd6 6. Na3 Be6 7. Qe2 f6 8. Rd1 O-O-O 9. Nc4 Qe7 10. d3 g5
11. Be3 g4 12. Nfd2 h5 13. c3 h4 14. d4 exd4 15. cxd4 h3 16. g3 Rh5 17. e5 Kb8 18. Rac1 Qf7 19. b3 Qg6 20. Nb1 Qe4
21. f3 gxf3 22. Qf2 Qg6 23. d5 cxd5 24. Ba7+ Ka8 25. Nba3 Nh6 26. Nb6+ cxb6 27. Qxb6 Bxa3 28. Rc7 Bc8 29. Rxd5 Qb1+ 30. Kf2 Qxa2+
31. Kxf3 Qg2+ 32. Kf4 Rf5+
0-1

[Event "8 Player Open 17"]
[Site "SchemingMind.com"]
[Date "2014.11.13"]
[Round "-"]
[White "khayman"]
[Black "smothered mate"]
[Result "1-0"]
[WhiteCountry "ENG"]
[BlackCountry "POL"]
[WhiteElo "2436"]
[WhiteRD "84"]
[BlackElo "1936"]
[BlackRD "67"]
[GameID "368654"]

1. d4 d5 2. c4 e6 3. g3 c5 4. cxd5 exd5 5. Bg2 Nf6 6. Nf3 Nc6 7. Nc3 Be7 8. O-O O-O 9. dxc5 Bxc5 10. Bg5 Be6
11. Rc1 Be7 12. Nd4 Nxd4 13. Qxd4 h6 14. Be3 Qa5 15. Qd3 Rfd8 16. Bd4 Rac8 17. a3 Rc4 18. e3 a6 19. Nxd5 Bxd5 20. Rxc4 Bxc4
21. Qxc4 b5 22. Qc6 Rd6 23. Qa8+ Kh7 24. Rc1 Qd2 25. Rc7 Qe1+ 26. Bf1 Ng4 27. Qe4+ Rg6 28. Qc2 Bf6 29. Bxf6 Nxf6 30. Rxf7
1-0

[Event "8 Player Open 17"]
[Site "SchemingMind.com"]
[Date "2014.11.13"]
[Round "-"]
[White "khayman"]
[Black "frankly"]
[Result "0-1"]
[WhiteCountry "ENG"]
[BlackCountry "ENG"]
[WhiteElo "2519"]
[WhiteRD "92"]
[BlackElo "2403"]
[BlackRD "62"]
[GameID "368655"]

1. d4 Nf6 2. c4 e6 3. g3 d5 4. Bg2 Nc6 5. Nf3 dxc4 6. Qa4 Bb4+ 7. Bd2 Nd5 8. Bxb4 Nxb4 9. O-O Rb8 10. Nc3 a6
11. Ne5 O-O 12. Nxc6 Nxc6 13. Bxc6 bxc6 14. Qxc4 Qd6 15. Ne4 Qd5 16. Qc2 e5 17. dxe5 Qxe5 18. Nc3 Bf5 19. e4 Bg4 20. f3 Bh3
21. Rf2 Rfd8 22. Rd1 Qc5 23. Kh1 h5 24. Re2 a5 25. Rde1 Rd4 26. Nd1 Qd6 27. Qc1 a4 28. Rc2 Be6 29. Nc3 Rd3 30. Re3 a3
31. bxa3 Bh3 32. Nd5 Qxa3 33. Rxd3 Qxd3
0-1

[Event "8 Player Open 17"]
[Site "SchemingMind.com"]
[Date "2014.11.13"]
[Round "-"]
[White "frankly"]
[Black "khayman"]
[Result "1/2-1/2"]
[WhiteCountry "ENG"]
[BlackCountry "ENG"]
[WhiteElo "2403"]
[WhiteRD "62"]
[BlackElo "2519"]
[BlackRD "92"]
[GameID "368656"]

1. d4 Nf6 2. c4 g6 3. Nf3 Bg7 4. e3 O-O 5. Be2 c5 6. d5 e6 7. Nc3 d6 8. O-O Re8 9. e4 exd5 10. exd5 Bf5
11. Bd3 Bg4 12. h3 Bxf3 13. Qxf3 Nbd7 14. Qd1 Nh5 15. g4 Bxc3 16. bxc3 Ng7 17. f4 f5 18. g5 Nh5 19. Kh2 Re7 20. Rb1 Qa5
21. Rxb7 Qxa2+ 22. Rb2 Qa1 23. Qd2 Qa5 24. Ra2 Qd8 25. Ra6 Nb8 26. Ra4 a5 27. Qa2 Qe8 28. Rxa5 Rxa5 29. Qxa5 Re2+ 30. Bxe2 Qxe2+
31. Kg1 Nd7 32. Qa8+ Nf8 33. Qa4 Qd3 34. Qa2 Qxh3 35. Qg2 Qxc3 36. Bb2 Qxc4 37. Qf3 Nd7 38. Bc1 Kf7 39. Re1 Nb6 40. Qe3=
1/2-1/2

[Event "8 Player Open 17"]
[Site "SchemingMind.com"]
[Date "2014.11.13"]
[Round "-"]
[White "smothered mate"]
[Black "Phillip Beckett"]
[Result "1-0"]
[WhiteCountry "POL"]
[BlackCountry "ENG"]
[WhiteElo "2001"]
[WhiteRD "72"]
[BlackElo "1567"]
[BlackRD "49"]
[GameID "368672"]

1. e4 e5 2. Nf3 Nc6 3. Bb5 a6 4. Ba4 Nf6 5. O-O Be7 6. Re1 b5 7. Bb3 O-O 8. c3 d5 9. exd5 Nxd5 10. Nxe5 Nxe5
11. Rxe5 Nf6 12. Re1 Bd6 13. h3 Ng4 14. Qf3 Qh4 15. d4 Nxf2 16. Re2 Ng4 17. Qxa8 Bh2+ 18. Kf1 Bd6 19. Qd5 Nh2+ 20. Kg1 Be6
21. Qg5 Nf3+ 22. gxf3 Qxh3 23. Rg2 g6 24. Bf4 Qxf3 25. Bxd6 cxd6 26. Nd2 Qb7 27. Rf1
1-0

[Event "8 Player Open 17"]
[Site "SchemingMind.com"]
[Date "2014.11.13"]
[Round "-"]
[White "Phillip Beckett"]
[Black "smothered mate"]
[Result "0-1"]
[WhiteCountry "ENG"]
[BlackCountry "POL"]
[WhiteElo "1527"]
[WhiteRD "49"]
[BlackElo "1962"]
[BlackRD "66"]
[GameID "368673"]

1. e4 e5 2. Nf3 Nc6 3. Bb5 a6 4. Bxc6 dxc6 5. d4 exd4 6. Qxd4 Qxd4 7. Nxd4 Bd6 8. Be3 c5 9. Nb3 c4 10. Nd4 b5
11. c3 Bb7 12. Nd2 Nf6 13. f3 Nd7 14. O-O-O Ne5 15. Nf5 Nd3+ 16. Kc2 O-O-O 17. Nxd6+ Rxd6 18. b3 cxb3+ 19. axb3 Rhd8 20. Nb1 c5
21. Bg5 f6 22. Be3 c4 23. bxc4 bxc4 24. Bd4 Rxd4 25. Na3 R4d7 26. Nxc4 Kc7 27. Nb2 Nxb2 28. Rxd7+ Rxd7 29. Kxb2 Rd2+ 30. Kb3 Rxg2
31. h4 h5
0-1

[Event "8 Player Open 17"]
[Site "SchemingMind.com"]
[Date "2014.11.09"]
[Round "-"]
[White "khayman"]
[Black "Phillip Beckett"]
[Result "1-0"]
[WhiteCountry "ENG"]
[BlackCountry "ENG"]
[WhiteElo "2536"]
[WhiteRD "96"]
[BlackElo "1540"]
[BlackRD "50"]
[GameID "368674"]

1. e4 e5 2. Nf3 Nc6 3. Bc4 Nf6 4. Ng5 Bc5 5. Bxf7+ Ke7 6. Bc4 Rf8 7. O-O d6 8. Nc3 h6 9. Nh7 Nxh7 10. Nd5+ Ke8
11. Qh5+ Kd7 12. Qg4+ Ke8 13. Qg6+ Kd7 14. Qxh7 Ne7 15. d4 Nxd5 16. exd5 Bxd4 17. Bb5+ c6 18. Qxg7+ Qe7 19. dxc6+ bxc6 20. Bxc6+ Kd8
21. Qxe7+ Kxe7 22. Bxa8
1-0

[Event "8 Player Open 17"]
[Site "SchemingMind.com"]
[Date "2014.11.09"]
[Round "-"]
[White "Phillip Beckett"]
[Black "khayman"]
[Result "0-1"]
[WhiteCountry "ENG"]
[BlackCountry "ENG"]
[WhiteElo "1540"]
[WhiteRD "50"]
[BlackElo "2536"]
[BlackRD "96"]
[GameID "368675"]

1. e4 e5 2. Nf3 Nc6 3. Bc4 Bc5 4. O-O Nf6 5. Nxe5 Nxe5 6. Bxf7+ Nxf7 7. d4 Bb6 8. e5 Ne4 9. Qf3 d5 10. exd6 Nfxd6
11. c3 Bf5 12. Bf4 O-O 13. Na3 Qf6 14. Be5 Qg6 15. Bxd6 Nxd6 16. Qd5+ Be6
0-1

[Event "8 Player Open 17"]
[Site "SchemingMind.com"]
[Date "2014.11.13"]
[Round "-"]
[White "Phillip Beckett"]
[Black "frankly"]
[Result "0-1"]
[WhiteCountry "ENG"]
[BlackCountry "ENG"]
[WhiteElo "1540"]
[WhiteRD "50"]
[BlackElo "2395"]
[BlackRD "63"]
[GameID "368676"]

1. e4 c5 2. Nf3 Nc6 3. d4 cxd4 4. Nxd4 e5 5. Nb5 d6 6. N1c3 a6 7. Na3 b5 8. Nd5 Nf6 9. Bg5 Be7 10. Bxf6 Bxf6
11. c3 O-O 12. Nc2 Rb8 13. Nce3 Bg5 14. Be2 Ne7 15. O-O Be6 16. Nxe7+ Qxe7 17. Nd5 Qb7 18. Kh1 g6 19. g3 f5 20. Bf3 Bxd5
21. Qxd5+ Qxd5 22. exd5 e4 23. Bg2 b4 24. cxb4 Rxb4 25. b3 a5 26. f4 Bf6 27. Rad1 a4 28. Rd2 axb3 29. axb3 Rxb3 30. Rc1 g5
31. Rdc2 gxf4 32. gxf4 Bd4 33. Rc7 Be3 34. Rc8 Bxc1
0-1

[Event "8 Player Open 17"]
[Site "SchemingMind.com"]
[Date "2014.11.13"]
[Round "-"]
[White "frankly"]
[Black "Phillip Beckett"]
[Result "1-0"]
[WhiteCountry "ENG"]
[BlackCountry "ENG"]
[WhiteElo "2395"]
[WhiteRD "63"]
[BlackElo "1540"]
[BlackRD "50"]
[GameID "368677"]

1. d4 d5 2. c4 e6 3. Nc3 Nf6 4. Nf3 Be7 5. e3 O-O 6. Be2 c6 7. O-O Nbd7 8. Qc2 dxc4 9. Bxc4 c5 10. dxc5 Nxc5
11. Rd1 Qc7 12. b4 Ncd7 13. Nb5 Qb8 14. Bf1 Bd8 15. Bb2 a6 16. Nbd4 Nb6 17. Nb3 Be7 18. Be5 Qa7 19. Bd4 Bd8 20. a4 Qb8
21. Be5 Qa7 22. Ng5 g6 23. Rxd8 Rxd8 24. Bxf6 Rd5 25. e4 Rxg5 26. Bxg5 Bd7 27. Be3 a5 28. bxa5
1-0

[Event "8 Player Open 17"]
[Site "SchemingMind.com"]
[Date "2014.11.17"]
[Round "-"]
[White "smothered mate"]
[Black "Simon Green"]
[Result "1-0"]
[WhiteCountry "POL"]
[BlackCountry "ENG"]
[WhiteElo "2001"]
[WhiteRD "72"]
[BlackElo "1649"]
[BlackRD "54"]
[GameID "368864"]

1. e4 e6 2. d4 d5 3. e5 c5 4. Nf3 Nc6 5. Bd3 c4 6. Be2 Be7 7. c3 Bd7 8. Bf4 Qb6 9. Qd2 O-O-O 10. b3 Na5
11. bxc4 Nxc4 12. Bxc4 dxc4 13. a4 a5 14. Na3 Bxa4 15. Nxc4 Qb5 16. Rxa4 Qb1+ 17. Qc1 Qe4+ 18. Be3 f5 19. Nb6+ Kc7 20. d5 Qd3
21. d6+ Bxd6 22. Rc4+ Kb8 23. exd6 Nf6 24. d7 Nxd7 25. Bf4+ Ka7 26. Rd4 Qb5 27. Nc4 Rc8 28. Nd6 Qb6 29. Nxc8+ Rxc8 30. Rxd7 Qc6
31. Ne5 Qe4+ 32. Qe3+ Qxe3+ 33. Bxe3+ Ka6 34. Kd2 b6 35. Rb1
1-0

[Event "8 Player Open 17"]
[Site "SchemingMind.com"]
[Date "2014.11.17"]
[Round "-"]
[White "Simon Green"]
[Black "smothered mate"]
[Result "1-0"]
[WhiteCountry "ENG"]
[BlackCountry "POL"]
[WhiteElo "1615"]
[WhiteRD "55"]
[BlackElo "1936"]
[BlackRD "67"]
[GameID "368865"]

1. d4 Nf6 2. e3 d5 3. Bd3 c5 4. c3 c4 5. Bc2 Nc6 6. f4 Bg4 7. Nf3 Ne4 8. O-O f6 9. Qe1 Qd7 10. Nbd2 Bf5
11. Nxe4 Bxe4 12. Bxe4 dxe4 13. Nd2 Qd5 14. Qe2 b5 15. b4 e6 16. Qg4 h5 17. Qg6+ Ke7 18. Qxe4 Kd6 19. Qxd5+ exd5 20. Bb2 Re8
21. Rae1 f5 22. Nf3 Re4 23. Ne5 Nxe5 24. fxe5+ Ke6 25. Rf4 g5 26. Rxe4 fxe4 27. Rf1 Bg7 28. g3 g4 29. Kg2 Rf8 30. Rxf8 Bxf8
31. h4 gxh3+ 32. Kxh3 Kf5 33. Kh4 Kg6 34. g4 Be7+ 35. Kh3 h4 36. Bc1 Bg5 37. a3 Be7 38. Bd2 Kg5 39. Be1 Bf8 40. Bxh4+ Kg6
41. Bf6 Bh6 42. g5 Bf8 43. Kg4 a6 44. Bd8 Bg7 45. Bf6 Bf8 46. Bd8 Bg7 47. e6 Bxd4 48. e7 Kf7 49. exd4 Ke8 50. g6 e3
51. g7 Kf7 52. g8=Q+ Kxg8 53. e8=Q+
1-0

[Event "8 Player Open 17"]
[Site "SchemingMind.com"]
[Date "2014.11.13"]
[Round "-"]
[White "khayman"]
[Black "Simon Green"]
[Result "1-0"]
[WhiteCountry "ENG"]
[BlackCountry "ENG"]
[WhiteElo "2519"]
[WhiteRD "92"]
[BlackElo "1649"]
[BlackRD "54"]
[GameID "368866"]

1. e4 e6 2. d4 d5 3. Nc3 Nf6 4. e5 Nfd7 5. f4 c5 6. Nf3 c4 7. f5 Nc6 8. fxe6 fxe6 9. Ng5 Nb6 10. Qg4 Qe7
11. Be2 Bd7 12. O-O O-O-O 13. Nf7 Re8 14. Nxh8 g6 15. Nf7 Kc7 16. Nd6 a6 17. Bg5 Qg7 18. Rf7 Qg8 19. Nxe8+ Kc8 20. Raf1 Bxe8
21. Qxe6+ Kb8 22. Qxe8+ Ka7 23. Qxc6
1-0

[Event "8 Player Open 17"]
[Site "SchemingMind.com"]
[Date "2014.11.12"]
[Round "-"]
[White "Simon Green"]
[Black "khayman"]
[Result "0-1"]
[WhiteCountry "ENG"]
[BlackCountry "ENG"]
[WhiteElo "1649"]
[WhiteRD "54"]
[BlackElo "2519"]
[BlackRD "92"]
[GameID "368867"]

1. d4 Nf6 2. e3 e6 3. Bd3 c5 4. c3 Nc6 5. f4 Be7 6. Nf3 d5 7. O-O O-O 8. Nbd2 Qc7 9. Qe1 a6 10. Ne5 b5
11. a3 Bb7 12. Qg3 c4 13. Bc2 Na5 14. f5 exf5 15. Bxf5 Bd6 16. Ndf3 Nb3 17. Rb1 Bc8 18. Bxc8 Ne4 19. Qe1 Raxc8 20. Ng5 Nxg5
21. g3 Bxe5 22. dxe5 Qxe5 23. Rf4 Nh3+
0-1

[Event "8 Player Open 17"]
[Site "SchemingMind.com"]
[Date "2014.11.13"]
[Round "-"]
[White "Phillip Beckett"]
[Black "Simon Green"]
[Result "0-1"]
[WhiteCountry "ENG"]
[BlackCountry "ENG"]
[WhiteElo "1567"]
[WhiteRD "49"]
[BlackElo "1649"]
[BlackRD "54"]
[GameID "368868"]

1. e4 e6 2. d4 d5 3. Nd2 Nf6 4. exd5 exd5 5. Bd3 Bd6 6. Ngf3 Qe7+ 7. Qe2 Qxe2+ 8. Kxe2 Be6 9. Re1 O-O 10. Kf1 Nbd7
11. h3 Rae8 12. Nb3 b6 13. Bg5 h6 14. Bxf6 Nxf6 15. c3 c5 16. dxc5 bxc5 17. Bc2 g6 18. Rad1 Nd7 19. Nc1 Kg7 20. Nd3 c4
21. Nde5 Nxe5 22. Nxe5 Bxe5 23. Rxe5 Kf6 24. Rde1 Rd8 25. R5e3 Rd6 26. Rf3+ Kg7 27. Rfe3 a5 28. b3 cxb3 29. Bxb3 Rfd8 30. Rd3 Kf6
31. Red1 Ke5 32. Rd4 f5 33. f4+ Kf6 34. Ke2 g5 35. fxg5+ hxg5 36. c4 Ke5 37. cxd5 Bxd5 38. Bxd5 Rxd5 39. Rxd5+ Rxd5 40. Rxd5+ Kxd5
41. Ke3 Kc4 42. Kd2 f4 43. Kc2 a4 44. Kb2 Kd3 45. Ka3 Ke2 46. Kxa4 Kf2 47. Kb5 Kxg2 48. a4 f3 49. a5 f2 50. a6 f1=Q+
51. Kb6 Qxa6+ 52. Kxa6 Kxh3
0-1

[Event "8 Player Open 17"]
[Site "SchemingMind.com"]
[Date "2014.11.12"]
[Round "-"]
[White "Simon Green"]
[Black "Phillip Beckett"]
[Result "1/2-1/2"]
[WhiteCountry "ENG"]
[BlackCountry "ENG"]
[WhiteElo "1649"]
[WhiteRD "54"]
[BlackElo "1567"]
[BlackRD "49"]
[GameID "368869"]

1. d4 d5 2. e3 e6 3. Bd3 c5 4. c3 Nc6 5. f4 Bd6 6. Nf3 Nf6 7. O-O cxd4 8. cxd4 O-O 9. a3 Bd7 10. Ne5 Qc7
11. Nd2 Na5 12. b4 Nc6 13. Bb2 a6 14. Rc1 Ne8 15. Qc2 f5 16. Ndf3 Nf6 17. Ng5 Ne4 18. Nxc6 bxc6 19. Nxe4 fxe4 20. Be2 a5
21. Bb5 axb4 22. axb4 Bxb4 23. Ra1 Rxa1 24. Rxa1 Qb6 25. Be2 c5 26. Ra6 Qb7 27. dxc5 Bxc5 28. Bd4 Bxd4 29. exd4 Bb5 30. Bxb5 Qxb5
31. Rxe6 Rxf4 32. Qc1 Rf8 33. Re5 e3 34. Rxe3 Rd8 35. Qe1 Qa4 36. Qc3 Qd1+ 37. Kf2 Rf8+ 38. Kg3 Qf1 39. Rf3 Rxf3+ 40. Qxf3 Qxf3+
41. Kxf3 Kf7 42. Kf4 Kf6 43. h4 g6 44. g4 h6 45. Ke3 Ke6 46. Kf4 Kf6=
1/2-1/2

[Event "8 Player Open 17"]
[Site "SchemingMind.com"]
[Date "2014.11.14"]
[Round "-"]
[White "Simon Green"]
[Black "frankly"]
[Result "0-1"]
[WhiteCountry "ENG"]
[BlackCountry "ENG"]
[WhiteElo "1667"]
[WhiteRD "55"]
[BlackElo "2395"]
[BlackRD "63"]
[GameID "368870"]

1. d4 Nf6 2. e3 d5 3. Bd3 Nc6 4. c3 e5 5. Nd2 Bd6 6. Ne2 O-O 7. O-O e4 8. Bc2 Bxh2+ 9. Kxh2 Ng4+ 10. Kg3 Ne7
11. Rh1 Nf5+ 12. Kf4 Qd6+ 13. Kg5 h6+
0-1

[Event "8 Player Open 17"]
[Site "SchemingMind.com"]
[Date "2014.11.15"]
[Round "-"]
[White "frankly"]
[Black "Simon Green"]
[Result "1-0"]
[WhiteCountry "ENG"]
[BlackCountry "ENG"]
[WhiteElo "2395"]
[WhiteRD "63"]
[BlackElo "1667"]
[BlackRD "55"]
[GameID "368871"]

1. d4 e6 2. Nc3 d5 3. e4 Nf6 4. exd5 exd5 5. Nf3 Be6 6. Bd3 Bb4 7. O-O Bxc3 8. bxc3 O-O 9. Re1 Nc6 10. Rb1 b6
11. Bg5 h6 12. Bh4 Kh8 13. Ne5 Qe8 14. Bb5 Ne4 15. Bxc6 Nxc3 16. Qd3 Qc8 17. Qxc3 Rb8 18. Be7 Rg8 19. Qf3 f5 20. Qh5 f4
21. Bf6 Qf8 22. Qxh6#
1-0

[Event "8 Player Open 17"]
[Site "SchemingMind.com"]
[Date "2014.11.17"]
[Round "-"]
[White "smothered mate"]
[Black "michel"]
[Result "0-1"]
[WhiteCountry "POL"]
[BlackCountry "CAN"]
[WhiteElo "1962"]
[WhiteRD "66"]
[BlackElo "2305"]
[BlackRD "55"]
[GameID "368883"]

1. e4 d6 2. d4 Nf6 3. Nc3 g6 4. Nf3 Bg7 5. Be2 O-O 6. h3 c6 7. O-O Qc7 8. Be3 Nbd7 9. Qd2 b5 10. Rac1 b4
11. Nb1 c5 12. Qd3 a5 13. c4 cxd4 14. Bxd4 Bb7 15. Nbd2 Bh6 16. Rc2 Nc5 17. Bxc5 dxc5
0-1

[Event "8 Player Open 17"]
[Site "SchemingMind.com"]
[Date "2014.11.17"]
[Round "-"]
[White "michel"]
[Black "smothered mate"]
[Result "1-0"]
[WhiteCountry "CAN"]
[BlackCountry "POL"]
[WhiteElo "2305"]
[WhiteRD "55"]
[BlackElo "1962"]
[BlackRD "66"]
[GameID "368884"]

1. e4 e5 2. Nf3 Nc6 3. d4 exd4 4. Nxd4 Nf6 5. Nxc6 bxc6 6. e5 Qe7 7. Qe2 Nd5 8. c4 Ba6 9. b3 Nb6 10. Nc3 g6
11. f4 Bg7 12. Bb2 d5 13. exd6 cxd6 14. O-O-O Qxe2 15. Bxe2 O-O-O 16. Bf3 Bb7 17. Rhe1 Rd7 18. a4 Bh6 19. g3 Bg7 20. a5 Na8
21. a6 Bxa6 22. Bxc6
1-0

[Event "8 Player Open 17"]
[Site "SchemingMind.com"]
[Date "2014.11.17"]
[Round "-"]
[White "khayman"]
[Black "michel"]
[Result "1/2-1/2"]
[WhiteCountry "ENG"]
[BlackCountry "CAN"]
[WhiteElo "2440"]
[WhiteRD "83"]
[BlackElo "2305"]
[BlackRD "55"]
[GameID "368885"]

1. d4 Nf6 2. c4 d6 3. Nf3 g6 4. g3 Bg7 5. Bg2 O-O 6. O-O c6 7. Nc3 Bf5 8. Ng5 h6 9. e4 Bc8 10. Nf3 Nbd7
11. b3 e5 12. Qc2 Qe7 13. Ba3 exd4 14. Nxd4 Nc5 15. Rad1 Re8 16. Rfe1 Qc7 17. Qd2 Qb6 18. Na4 Nxa4 19. bxa4 Bg4 20. a5 Qc7
21. f3 Nxe4 22. fxe4 Bxd1 23. Rxd1 Rad8 24. Bc1 Kh7 25. Rf1 Rd7 26. Nb3 b6 27. Kh1 c5 28. Qe2 bxa5 29. Qd3 Rb8 30. Ba3 Qd8
31. Qc2=
1/2-1/2

[Event "8 Player Open 17"]
[Site "SchemingMind.com"]
[Date "2014.11.17"]
[Round "-"]
[White "michel"]
[Black "khayman"]
[Result "1/2-1/2"]
[WhiteCountry "CAN"]
[BlackCountry "ENG"]
[WhiteElo "2305"]
[WhiteRD "55"]
[BlackElo "2440"]
[BlackRD "83"]
[GameID "368886"]

1. e4 c5 2. Nf3 d6 3. d4 cxd4 4. Nxd4 Nf6 5. Nc3 a6 6. g3 e5 7. Nb3 Be7 8. a4 O-O 9. Bg2 Nc6 10. Nd5 Nxd5
11. exd5 Na5 12. Nxa5 Qxa5+ 13. Bd2 Qc7 14. O-O Bd7 15. a5 Rfc8 16. c3 f5 17. Qc2 Bf6 18. Be3 g6 19. Ra3 Qc4 20. Qd2 Bb5
21. Rc1 Qg4 22. h3 Qe2 23. Qxe2 Bxe2 24. Bf1 Bxf1 25. Kxf1 Rc7 26. Ra4 g5 27. g4 f4 28. Bb6 Re7 29. f3 Kf7 30. Rc4 h5
31. Re1 Rh8 32. Kg2 Kg6 33. Rc7 hxg4 34. hxg4 Rxc7 35. Bxc7=
1/2-1/2

[Event "8 Player Open 17"]
[Site "SchemingMind.com"]
[Date "2014.11.12"]
[Round "-"]
[White "Phillip Beckett"]
[Black "michel"]
[Result "0-1"]
[WhiteCountry "ENG"]
[BlackCountry "CAN"]
[WhiteElo "1540"]
[WhiteRD "50"]
[BlackElo "2340"]
[BlackRD "61"]
[GameID "368887"]

1. e4 d6 2. d4 Nf6 3. Nc3 e5 4. dxe5 dxe5 5. Qxd8+ Kxd8 6. Nf3 Bd6 7. Bg5 Be6 8. O-O-O Nd7 9. Nb5 Ke7 10. Bd3 h6
11. Bxf6+ Nxf6 12. Nxd6 cxd6 13. Nd2 Rac8 14. f3 d5 15. exd5 Nxd5 16. Be4 Ne3 17. Rdg1 f5 18. Bd3 Rhd8 19. Kb1 Nxc2 20. Bxc2 Rxd2
21. Bb3 Bxb3 22. axb3 Rcc2 23. Rd1 Rxb2+ 24. Kc1 Rdc2#
0-1

[Event "8 Player Open 17"]
[Site "SchemingMind.com"]
[Date "2014.11.12"]
[Round "-"]
[White "michel"]
[Black "Phillip Beckett"]
[Result "1-0"]
[WhiteCountry "CAN"]
[BlackCountry "ENG"]
[WhiteElo "2340"]
[WhiteRD "61"]
[BlackElo "1540"]
[BlackRD "50"]
[GameID "368888"]

1. e4 e5 2. Nf3 Nc6 3. d4 exd4 4. Nxd4 Bc5 5. Be3 Qf6 6. c3 Nge7 7. Bc4 O-O 8. O-O Nxd4 9. cxd4 Bb6 10. Nc3 d6
11. Qd2 Ng6 12. Nd5 Qd8 13. Bg5 Qd7 14. f4 c6 15. Nxb6 axb6 16. f5 Ne7 17. f6 Ng6 18. fxg7 d5 19. gxf8=Q+ Kxf8 20. exd5
1-0

[Event "8 Player Open 17"]
[Site "SchemingMind.com"]
[Date "2014.11.13"]
[Round "-"]
[White "michel"]
[Black "Simon Green"]
[Result "1-0"]
[WhiteCountry "CAN"]
[BlackCountry "ENG"]
[WhiteElo "2340"]
[WhiteRD "61"]
[BlackElo "1667"]
[BlackRD "55"]
[GameID "368889"]

1. e4 e6 2. d4 d5 3. Nc3 Nf6 4. Bg5 Be7 5. e5 Nfd7 6. h4 Bxg5 7. hxg5 Qxg5 8. Nh3 Qe7 9. Bd3 a6 10. Qg4 f5
11. Qg3 O-O 12. Nf4 Nc6 13. Ncxd5 exd5 14. Nxd5 Qd8 15. Bc4 Kh8 16. Rxh7+ Kxh7 17. Qh3+ Kg6 18. Nf4+
1-0

[Event "8 Player Open 17"]
[Site "SchemingMind.com"]
[Date "2014.11.13"]
[Round "-"]
[White "Simon Green"]
[Black "michel"]
[Result "0-1"]
[WhiteCountry "ENG"]
[BlackCountry "CAN"]
[WhiteElo "1667"]
[WhiteRD "55"]
[BlackElo "2340"]
[BlackRD "61"]
[GameID "368890"]

1. d4 Nf6 2. e3 c5 3. c3 b6 4. f4 Bb7 5. Nf3 d6 6. Bd3 g6 7. O-O Bg7 8. Nbd2 cxd4 9. cxd4 O-O 10. Qe1 Nc6
11. a3 e5 12. fxe5 dxe5 13. Qf2 exd4 14. Ne4 dxe3 15. Bxe3 Qxd3 16. Nxf6+ Bxf6 17. Rad1 Qf5 18. Bh6 Rfd8 19. Rxd8+ Rxd8 20. Bc1 Nd4
21. Kh1 Nxf3 22. gxf3 Rd3 23. Kg2 Rxf3
0-1

[Event "8 Player Open 17"]
[Site "SchemingMind.com"]
[Date "2014.11.17"]
[Round "-"]
[White "michel"]
[Black "frankly"]
[Result "1/2-1/2"]
[WhiteCountry "CAN"]
[BlackCountry "ENG"]
[WhiteElo "2340"]
[WhiteRD "61"]
[BlackElo "2395"]
[BlackRD "63"]
[GameID "368891"]

1. c4 e5 2. Nc3 Nc6 3. g3 Bb4 4. Nd5 Nf6 5. Bg2 O-O 6. Nf3 e4 7. Nh4 d6 8. O-O Re8 9. d3 exd3 10. Qxd3 Nxd5
11. cxd5 Ne5 12. Qc2 a5 13. Nf3 Nxf3+ 14. Bxf3 Qf6 15. Be3 b6 16. Rac1 Bc5 17. Qc3 Qxc3 18. Rxc3=
1/2-1/2

[Event "8 Player Open 17"]
[Site "SchemingMind.com"]
[Date "2014.11.17"]
[Round "-"]
[White "frankly"]
[Black "michel"]
[Result "1/2-1/2"]
[WhiteCountry "ENG"]
[BlackCountry "CAN"]
[WhiteElo "2403"]
[WhiteRD "62"]
[BlackElo "2323"]
[BlackRD "61"]
[GameID "368892"]

1. d4 Nf6 2. c4 c5 3. d5 b5 4. cxb5 a6 5. e3 axb5 6. Bxb5 Qa5+ 7. Nc3 Bb7 8. Bd2 Qb6 9. Nf3 Nxd5 10. a4 e6
11. O-O Be7 12. e4 Nxc3 13. Bxc3 O-O 14. Ne5 d6 15. Nc4 Qc7 16. Rb1 Bxe4 17. Qg4 Bg6 18. f4 Nc6 19. f5 exf5 20. Qf4 Nd8
21. Ne3 Ne6 22. Qf3 f4 23. Nd5 Qa7 24. Rbd1 Bg5 25. a5 Rab8 26. Bc4 Bc2 27. Ra1 Bb3 28. Bxb3 Rxb3 29. Qg4 g6 30. h4 Bh6
31. h5 Bg7 32. Bxg7 Kxg7=
1/2-1/2

[Event "8 Player Open 17"]
[Site "SchemingMind.com"]
[Date "2014.11.14"]
[Round "-"]
[White "Phillip Beckett"]
[Black "letolk"]
[Result "1-0"]
[WhiteCountry "ENG"]
[BlackCountry "NED"]
[WhiteElo "1567"]
[WhiteRD "49"]
[BlackElo "1280"]
[BlackRD "165"]
[GameID "368947"]

1. e4 e6 2. d4 d5 3. Nd2 Be7 4. exd5 exd5 5. Bd3 Nf6 6. Ngf3 O-O 7. O-O Bg4 8. h3 Bh5 9. c3 Nbd7 10. Be2 Bd6
11. Nh2 Bxe2 12. Qxe2 Re8 13. Qd3
1-0

[Event "8 Player Open 17"]
[Site "SchemingMind.com"]
[Date "2014.11.14"]
[Round "-"]
[White "letolk"]
[Black "Phillip Beckett"]
[Result "0-1"]
[WhiteCountry "NED"]
[BlackCountry "ENG"]
[WhiteElo "1280"]
[WhiteRD "165"]
[BlackElo "1567"]
[BlackRD "49"]
[GameID "368948"]

1. e4 e5 2. Nf3 Nc6 3. Bb5 a6 4. Ba4 Nf6 5. d3 d6 6. c3 Be7 7. Nbd2 b5 8. Bc2 O-O 9. O-O h6 10. Re1 Nb8
11. Nf1 Bb7 12. Ng3 Nbd7
0-1

[Event "8 Player Open 17"]
[Site "SchemingMind.com"]
[Date "2014.11.15"]
[Round "-"]
[White "michel"]
[Black "letolk"]
[Result "1-0"]
[WhiteCountry "CAN"]
[BlackCountry "NED"]
[WhiteElo "2323"]
[WhiteRD "61"]
[BlackElo "1280"]
[BlackRD "165"]
[GameID "368949"]

1. e4 e6 2. d4 d5 3. Nc3 Nf6 4. Bg5 Be7 5. e5 Nfd7 6. Bxe7 Qxe7 7. f4 a6 8. Nf3 c5 9. Qd2 Nc6 10. O-O-O c4
11. f5
1-0